000 00504nam a2200169Ia 4500
999 _c21951
_d21951
003 OSt
005 20200515090732.0
008 190216s9999||||xx |||||||||||||| ||und||
040 _coclc
082 _a297
_bGOL/M
100 _aGoldziher, Ignaz
_92236
245 0 _aMuslim Studies /
_cIgnaz Goldziher
260 _bGeorge Allen & Unwin Ltd,
_c1967.
_aLondon:
300 _a254p
650 0 _aHistory & geography
_vIslamic History
_92271
942 _cBK
_2ddc
_h297
_iGOL/M
_k297
_mGOL/M